[Event "EU-ch U20"]
[Site "Aviles"]
[Date "2000.08.18"]
[Round "3"]
[White "Fernandez Romero, Ernesto"]
[Black "Isik, Engin Yasar"]
[Result "1-0"]
[WhiteElo "2383"]
[BlackElo "2120"]
[EventDate "2000.08.18"]
[PlyCount "69"]

1.d4 Nf6 2.c4 g6 3.Nc3 Bg7 4.e4 d6 5.Be2 O-O 6.Be3 e5 7.d5 Nbd7 8.g4 a5 9.
h4 Nc5 10.Bf3 Bd7 11.g5 Ne8 12.h5 b6 13.Qe2 c6 14.hxg6 fxg6 15.O-O-O Nc7 
16.dxc6 Bxc6 17.Qd2 Qe8 18.Qxd6 N7e6 19.Nd5 Rf7 20.Bxc5 bxc5 21.Bg4 Nxg5 
22.f3 Bxd5 23.Qxd5 Ra7 24.f4 exf4 25.Qxg5 Qxe4 26.Rd8+ Bf8 27.Qd5 Re7 28.
Qxe4 Rxe4 29.Bf3 Re1+ 30.Rd1 Rfe7 31.Bd5+ Kg7 32.Nh3 Rxd1+ 33.Kxd1 Kf6 34.
Nxf4 Ke5 35.Ne6 1-0

[Event "EU-ch U20"]
[Site "Aviles"]
[Date "2000.08.18"]
[Round "3"]
[White "Gomez Gomez, Salvador"]
[Black "Andres Gonzalez, Alberto"]
[Result "1/2-1/2"]
[WhiteElo "2095"]
[BlackElo "2362"]
[EventDate "2000.08.18"]
[PlyCount "40"]

1.e4 c5 2.Nf3 d6 3.d4 cxd4 4.Nxd4 Nf6 5.Nc3 Bd7 6.Be2 e5 7.Ndb5 Bc6 8.Bg5 
a6 9.Na3 Nbd7 10.Nc4 h6 11.Bxf6 Nxf6 12.Qd3 Qc7 13.O-O Be7 14.Ne3 g6 15.
Ned5 Nxd5 16.Nxd5 Bxd5 17.Qxd5 O-O 18.Bc4 Rac8 19.Bb3 Kg7 20.f4 Qc5+ 
1/2-1/2

[Event "EU-ch U20"]
[Site "Aviles"]
[Date "2000.08.18"]
[Round "3"]
[White "Biti, Ozren"]
[Black "Srebrnic, Marko"]
[Result "1-0"]
[WhiteElo "2323"]
[BlackElo "2096"]
[EventDate "2000.08.18"]
[PlyCount "53"]

1.e4 e5 2.Nf3 Nf6 3.Nxe5 d6 4.Nf3 Nxe4 5.d4 d5 6.Bd3 Bd6 7.O-O O-O 8.Re1 
Re8 9.c4 c6 10.Nc3 Nxc3 11.bxc3 Bg4 12.Bg5 Qd7 13.c5 Bc7 14.h3 Rxe1+ 15.
Qxe1 Bxf3 16.Bf5 Be4 17.Bxd7 Nxd7 18.Qd2 Re8 19.Re1 Rb8 20.Bf4 Bxf4 21.
Qxf4 Rc8 22.f3 Bd3 23.Qg4 f5 24.Qg5 Nf6 25.Re7 Ne8 26.Qe3 Kf8 27.Qe6 1-0

[Event "EU-ch U20"]
[Site "Aviles"]
[Date "2000.08.18"]
[Round "3"]
[White "Fluvia Poyatos, Jordi"]
[Black "Sanchez Aller, Fernando"]
[Result "1-0"]
[WhiteElo "2261"]
[BlackElo "2137"]
[EventDate "2000.08.18"]
[PlyCount "63"]

1.d4 Nf6 2.Nf3 g6 3.g3 Bg7 4.Bg2 O-O 5.O-O d6 6.a4 Nbd7 7.c3 e5 8.dxe5 
dxe5 9.Nbd2 Qe7 10.Nc4 Ne4 11.Qc2 f5 12.b3 Re8 13.Ba3 Qf7 14.Rad1 Nf8 15.
Na5 Be6 16.c4 c6 17.Ne1 Nf6 18.Nd3 Qc7 19.b4 Rad8 20.Bb2 Bc8 21.c5 Nd5 22.
e4 Nxb4 23.Qb3+ Nd5 24.exd5 Qxa5 25.dxc6+ Be6 26.Bc3 Qa6 27.Qxb7 Bc4 28.
Nb4 Qxb7 29.cxb7 Bxf1 30.Rxd8 Rxd8 31.Bd5+ Kh8 32.Kxf1 1-0

[Event "EU-ch U20"]
[Site "Aviles"]
[Date "2000.08.18"]
[Round "3"]
[White "Bruned Carasco, Yvain"]
[Black "Vink, Nico"]
[Result "0-1"]
[WhiteElo "2012"]
[BlackElo "2296"]
[EventDate "2000.08.18"]
[PlyCount "58"]

1.e4 c5 2.Nf3 d6 3.d4 cxd4 4.Nxd4 Nf6 5.Nc3 a6 6.Be3 e5 7.Nb3 Be7 8.f3 Qc7
9.Qd2 b5 10.O-O-O Bb7 11.g4 h6 12.Kb1 Nbd7 13.h4 b4 14.Ne2 d5 15.exd5 Nxd5
16.Ng3 N7f6 17.Bd3 Nxe3 18.Qxe3 O-O-O 19.Qa7 Qb8 20.Bf5+ Kc7 21.Qe3 Nd5 
22.Qxe5+ Bd6 23.Qe1 Qa7 24.Be4 Rhe8 25.Qg1 Qxg1 26.Rhxg1 Bxg3 27.Bxd5 Bxd5
28.Rxg3 Bxb3 29.Rxd8 Re1+ 0-1

[Event "EU-ch U20"]
[Site "Aviles"]
[Date "2000.08.18"]
[Round "3"]
[White "Suarez Real, Alberto"]
[Black "Parkin, James"]
[Result "1-0"]
[WhiteElo "2116"]
[BlackElo "2140"]
[EventDate "2000.08.18"]
[PlyCount "69"]

1.e4 c5 2.Nf3 d6 3.d4 cxd4 4.Nxd4 Nf6 5.Nc3 Nc6 6.Bc4 e6 7.Be3 a6 8.Qe2 
Be7 9.O-O-O O-O 10.Rhg1 Qc7 11.Bb3 Nd7 12.g4 Nc5 13.g5 Bd7 14.Rg3 Rfd8 15.
f4 b5 16.g6 hxg6 17.f5 Nxd4 18.Bxd4 exf5 19.Bd5 Nxe4 20.Nxe4 Bc6 21.Nc3 
Re8 22.Qg2 Bxd5 23.Nxd5 Qb8 24.Rxg6 fxg6 25.Qxg6 Bg5+ 26.Qxg5 Qb7 27.Nf6+ 
Kf8 28.Nxe8 Rxe8 29.Qxf5+ Kg8 30.Rg1 Re7 31.h4 Rf7 32.Qe6 Kh8 33.h5 Qf3 
34.Qh6+ Kg8 35.Rxg7+ 1-0

[Event "EU-ch U20"]
[Site "Aviles"]
[Date "2000.08.18"]
[Round "3"]
[White "Kobler, Mario"]
[Black "Bruned Carasco, Boris"]
[Result "1-0"]
[WhiteElo "2166"]
[BlackElo "2004"]
[EventDate "2000.08.18"]
[PlyCount "117"]

1.d4 e6 2.c4 b6 3.a3 Bb7 4.Nc3 f5 5.d5 Nf6 6.g3 b5 7.Bg2 bxc4 8.Qd4 Na6 9.
Qxc4 Nc5 10.Kf1 Ba6 11.Qa2 e5 12.b4 Nce4 13.Nxe4 Nxe4 14.Bxe4 fxe4 15.Qc2 
Bd6 16.Qxe4 O-O 17.Nf3 Bb7 18.h4 c6 19.Ng5 g6 20.dxc6 Bxc6 21.Qc4+ Kg7 22.
Qxc6 dxc6 23.Ne6+ Kf7 24.Nxd8+ Rfxd8 25.h5 Bf8 26.hxg6+ Kxg6 27.Be3 a5 28.
Bb6 Rdb8 29.Bxa5 c5 30.Rh4 cxb4 31.Bc7 Rb7 32.Bxe5 bxa3 33.Ra2 Be7 34.Rc4 
Rb6 35.e4 Bf6 36.Bxf6 Kxf6 37.Rc3 Rb4 38.Raxa3 Rxa3 39.Rxa3 Rxe4 40.Ra5 
Kg6 41.f3 Rb4 42.Kg2 h5 43.Ra6+ Kg7 44.Kh3 Rb3 45.f4 Rb1 46.Kh4 Rh1+ 47.
Kg5 Rh3 48.Ra7+ Kg8 49.Ra3 Kg7 50.f5 Kf7 51.f6 h4 52.Ra7+ Ke6 53.g4 Rh1 
54.Re7+ Kd6 55.Re2 Rf1 56.Kg6 h3 57.f7 h2 58.Rxh2 Ke7 59.Re2+ 1-0

[Event "EU-ch U20"]
[Site "Aviles"]
[Date "2000.08.19"]
[Round "4"]
[White "Karttunen, Mika"]
[Black "Moiseenko, Olexandr"]
[Result "1-0"]
[WhiteElo "2399"]
[BlackElo "2582"]
[EventDate "2000.08.18"]
[PlyCount "143"]

1.d4 e6 2.Nf3 f5 3.g3 Nf6 4.Bg2 d5 5.O-O Bd6 6.Bf4 Bxf4 7.gxf4 O-O 8.e3 
Qe7 9.Ne5 Bd7 10.Kh1 Be8 11.c4 c6 12.f3 Nbd7 13.Nc3 Nh5 14.cxd5 exd5 15.
Rg1 Nxe5 16.dxe5 Rd8 17.Ne2 c5 18.Rc1 d4 19.Ng3 Kh8 20.Qd2 b6 21.Rgd1 Qh4 
22.Nxh5 Bxh5 23.Kg1 dxe3 24.Qxe3 h6 25.e6 Qe7 26.Bf1 Rde8 27.Bc4 Rf6 28.
Rd7 Rg6+ 29.Kh1 Rxe6 30.Qxe6 Qxe6 31.Bxe6 Rxe6 32.Rc3 Re2 33.Rxa7 Rxb2 34.
Kg1 Rd2 35.Ra6 Rd6 36.Kf2 Bf7 37.Ra7 Bg8 38.a4 Rd4 39.a5 bxa5 40.Rxc5 Rxf4
41.Rc8 Rc4 42.Re8 Rc2+ 43.Kg3 Kh7 44.Ree7 f4+ 45.Kh3 Kh8 46.Rxa5 Rf2 47.
Kg4 Rxh2 48.Kxf4 Rg2 49.Ke3 Rg1 50.Kf2 Rb1 51.Ra8 Rb2+ 52.Kg3 Ra2 53.Rc8 
Kh7 54.Rcc7 Kh8 55.Rxg7 Ra1 56.Rgd7 Rg1+ 57.Kf4 Rg6 58.Rd8 Ra6 59.Rcc8 Rg6
60.Kf5 Rg5+ 61.Kf6 Rg7 62.f4 h5 63.f5 h4 64.Rd4 Rf7+ 65.Kg5 Rg7+ 66.Kxh4 
Rh7+ 67.Kg3 Rg7+ 68.Rg4 Rxg4+ 69.Kxg4 Kg7 70.Kg5 Ba2 71.Rc7+ Bf7 72.Ra7 
1-0

[Event "EU-ch U20"]
[Site "Aviles"]
[Date "2000.08.19"]
[Round "4"]
[White "Bursteinas, Romanas"]
[Black "Blehm, Pawel"]
[Result "1/2-1/2"]
[WhiteElo "2391"]
[BlackElo "2518"]
[EventDate "2000.08.18"]
[PlyCount "45"]

1.c4 g6 2.g3 Bg7 3.Bg2 c5 4.Nc3 Nc6 5.e3 d6 6.Nge2 Nf6 7.O-O Bd7 8.Rb1 Qc8
9.Nf4 Rb8 10.a3 a6 11.Ncd5 Nxd5 12.cxd5 Ne5 13.b4 cxb4 14.axb4 O-O 15.Bb2 
Bb5 16.d3 Qd8 17.Bd4 Nd7 18.Bxg7 Kxg7 19.Qb3 Ne5 20.Rfc1 Rc8 21.Rc3 Rxc3 
22.Qxc3 Qc8 23.Qb2 1/2-1/2

[Event "EU-ch U20"]
[Site "Aviles"]
[Date "2000.08.19"]
[Round "4"]
[White "Dottling, Fabian"]
[Black "Sedlak, Nikola"]
[Result "1/2-1/2"]
[WhiteElo "2473"]
[BlackElo "2423"]
[EventDate "2000.08.18"]
[PlyCount "40"]

1.b3 d5 2.Bb2 Bg4 3.Nf3 Bxf3 4.exf3 e6 5.f4 Nd7 6.g3 Ngf6 7.Bg2 g6 8.d3 
Bg7 9.Nd2 O-O 10.Nf3 c6 11.O-O Ne8 12.Ne5 Nd6 13.Qe2 Nf5 14.Rfd1 Re8 15.c4
Nf8 16.Bc3 Qc7 17.Rac1 Rad8 18.Qe1 Rc8 19.d4 f6 20.Nf3 Nd6 1/2-1/2

[Event "EU-ch U20"]
[Site "Aviles"]
[Date "2000.08.19"]
[Round "4"]
[White "Stryjecki, Marek"]
[Black "Antoniewski, Rafal"]
[Result "1/2-1/2"]
[WhiteElo "2405"]
[BlackElo "2446"]
[EventDate "2000.08.18"]
[PlyCount "52"]

1.e4 e5 2.Nf3 Nc6 3.Bb5 a6 4.Ba4 Nf6 5.O-O Nxe4 6.d4 b5 7.Bb3 d5 8.dxe5 
Be6 9.Nbd2 Nc5 10.c3 Bg4 11.Bc2 Qd7 12.h3 Bh5 13.Re1 Be7 14.Nf1 Rd8 15.Ng3
Bg6 16.Nd4 Nxd4 17.cxd4 Ne6 18.Be3 c5 19.Bf5 Qa7 20.Bxe6 fxe6 21.Qg4 cxd4 
22.Bxd4 Qd7 23.h4 O-O 24.h5 Bf5 25.Nxf5 Rxf5 26.Rac1 Rc8 1/2-1/2

[Event "EU-ch U20"]
[Site "Aviles"]
[Date "2000.08.19"]
[Round "4"]
[White "Mastrovasilis, Dimitrios"]
[Black "Berg, Emanuel"]
[Result "0-1"]
[WhiteElo "2386"]
[BlackElo "2456"]
[EventDate "2000.08.18"]
[PlyCount "86"]

1.e4 e6 2.d4 d5 3.Nc3 Bb4 4.e5 c5 5.Bd2 Ne7 6.a3 Bxc3 7.Bxc3 Nbc6 8.Nf3 
cxd4 9.Bxd4 Nf5 10.c3 Bd7 11.Be2 O-O 12.O-O Nfxd4 13.cxd4 Qb6 14.b4 f6 15.
exf6 Rxf6 16.b5 Ne7 17.a4 Ng6 18.Bd3 Be8 19.a5 Qd6 20.Bxg6 Bxg6 21.Qd2 Qf4
22.Qc3 Bh5 23.Ne5 Be2 24.g3 Qf5 25.a6 Bxf1 26.Rxf1 bxa6 27.bxa6 Rff8 28.
Qc6 Rac8 29.Qd7 h5 30.Nc6 Qf7 31.Qd6 Kh7 32.Ne5 Qf5 33.Nd7 Rf7 34.Nc5 Re8 
35.f4 Qf6 36.Qe5 Qxe5 37.fxe5 Rxf1+ 38.Kxf1 Kg6 39.Kf2 Kf7 40.Ke3 Rc8 41.
Kd3 Ke7 42.Ke3 Rxc5 43.dxc5 Kd7 0-1

[Event "EU-ch U20"]
[Site "Aviles"]
[Date "2000.08.19"]
[Round "4"]
[White "Jenni, Florian"]
[Black "Hunt, Adam"]
[Result "1-0"]
[WhiteElo "2440"]
[BlackElo "2392"]
[EventDate "2000.08.18"]
[PlyCount "155"]

1.e4 c5 2.Nf3 d6 3.d4 cxd4 4.Nxd4 Nf6 5.Nc3 a6 6.Be3 e5 7.Nb3 Be6 8.Qd2 
Nbd7 9.f3 h5 10.a4 Rc8 11.Be2 Be7 12.O-O h4 13.a5 g6 14.Nd5 Nxd5 15.exd5 
Bf5 16.c4 Kf8 17.f4 Kg7 18.Rac1 h3 19.g3 Bf6 20.fxe5 Bxe5 21.Nd4 Be4 22.
Rf2 Bxg3 23.hxg3 h2+ 24.Rxh2 Rxh2 25.Kxh2 Qh8+ 26.Kg1 Qh1+ 27.Kf2 Qg2+ 28.
Ke1 Qh1+ 29.Kf2 Qg2+ 30.Ke1 Qh1+ 31.Bf1 Ne5 32.Qe2 Nd3+ 33.Kd2 Nxc1 34.
Kxc1 Bxd5 35.b3 Be4 36.Kd2 Rh8 37.Bf2 Rh2 38.Qe1 Bc6 39.Nxc6 Qf3 40.Be2 
Rxf2 41.Nd4 Qxg3 42.Qh1 Qg5+ 43.Kd3 Rg2 44.Qa1 Qe5 45.Qc3 Kg8 46.Bf3 Rg3 
47.Qd2 Rh3 48.Qg2 Rh2 49.Qg1 Ra2 50.Bxb7 Qxa5 51.Qe3 Ra1 52.Bd5 Rd1+ 53.
Kc2 Re1 54.Qf4 Qa2+ 55.Kc3 Qa1+ 56.Kb4 Rf1 57.Qxd6 Qe1+ 58.Kc5 Qa5+ 59.Kc6
Kg7 60.Kb7 Rf6 61.Nc6 Qc3 62.Qb4 Qe3 63.Kxa6 g5 64.Qb6 Qc3 65.b4 g4 66.Qc5
g3 67.b5 Qa3+ 68.Kb7 Qa2 69.Be4 Qd2 70.Qd5 Qf4 71.Nd4 Qf2 72.c5 Rf4 73.
Qg5+ Kf8 74.Qh6+ Kg8 75.Qh7+ Kf8 76.Qh8+ Ke7 77.Nc6+ Kd7 78.Qc8# 1-0

[Event "EU-ch U20"]
[Site "Aviles"]
[Date "2000.08.19"]
[Round "4"]
[White "Navarro Cia, Miguel"]
[Black "Iliushin, Alexei"]
[Result "0-1"]
[WhiteElo "2307"]
[BlackElo "2509"]
[EventDate "2000.08.18"]
[PlyCount "60"]

1.e4 c5 2.Nf3 e6 3.d4 cxd4 4.Nxd4 Nf6 5.Nc3 d6 6.Be3 a6 7.f3 b5 8.Qd2 Bb7 
9.O-O-O Nbd7 10.g4 h6 11.Bd3 b4 12.Na4 d5 13.exd5 Nxd5 14.Nxe6 fxe6 15.
Bg6+ Ke7 16.Bf2 Qa5 17.Rhe1 Qxa4 18.Rxe6+ Kxe6 19.Re1+ Ne5 20.f4 Qxa2 21.
Rxe5+ Kd7 22.Bf5+ Kc7 23.Qd4 Rd8 24.Bd3 Bd6 25.Rf5 Rhf8 26.Rxf8 Bxf8 27.f5
Bd6 28.Qxg7+ Rd7 29.Qd4 Bf4+ 30.Kd1 Qb1+ 0-1

[Event "EU-ch U20"]
[Site "Aviles"]
[Date "2000.08.19"]
[Round "4"]
[White "Vink, Nico"]
[Black "Halkias, Stelios"]
[Result "0-1"]
[WhiteElo "2296"]
[BlackElo "2502"]
[EventDate "2000.08.18"]
[PlyCount "60"]

1.e4 c5 2.Nf3 Nc6 3.d4 cxd4 4.Nxd4 Qc7 5.Nb5 Qb8 6.c4 Nf6 7.N5c3 e6 8.Be2 
Bd6 9.Be3 b6 10.Qd2 Bb7 11.Na3 O-O 12.Nc2 Be5 13.f3 Rd8 14.O-O-O d5 15.
cxd5 exd5 16.exd5 Ne7 17.Kb1 Nexd5 18.Nxd5 Nxd5 19.Bd4 Bxd4 20.Nxd4 Qe5 
21.Bc4 Rac8 22.Bb3 h6 23.g3 a5 24.Rhe1 Qf6 25.Qf2 Nb4 26.f4 Ba6 27.Qe3 
Bd3+ 28.Ka1 Rxd4 29.a3 Re4 30.Qd2 Nc2+ 0-1

[Event "EU-ch U20"]
[Site "Aviles"]
[Date "2000.08.19"]
[Round "4"]
[White "Izoria, Zviad"]
[Black "Colin, Vincent"]
[Result "0-1"]
[WhiteElo "2450"]
[BlackElo "2294"]
[EventDate "2000.08.18"]
[PlyCount "56"]

1.d4 d5 2.c4 e6 3.Nf3 c5 4.e3 Nc6 5.Nc3 Nf6 6.cxd5 exd5 7.Be2 cxd4 8.Nxd4 
Bd6 9.O-O O-O 10.Nf3 a6 11.b3 Re8 12.Bb2 Bf5 13.Rc1 Rc8 14.g3 Bb8 15.Na4 
Bh3 16.Re1 Ne4 17.Nc3 Ba7 18.Bf1 Bg4 19.Bg2 Nxf2 20.Kxf2 d4 21.Nb1 dxe3+ 
22.Kf1 e2+ 23.Rxe2 Qb6 24.Rxc6 Qxc6 25.Nc3 Rxe2 26.Qxe2 Re8 27.Qd3 Qb6 28.
Ne4 Rxe4 0-1

[Event "EU-ch U20"]
[Site "Aviles"]
[Date "2000.08.19"]
[Round "4"]
[White "De Vreugt, Dennis"]
[Black "Zenklusen, Rico"]
[Result "1/2-1/2"]
[WhiteElo "2511"]
[BlackElo "2221"]
[EventDate "2000.08.18"]
[PlyCount "89"]

1.e4 c6 2.d4 d5 3.exd5 cxd5 4.c4 Nf6 5.Nc3 e6 6.Nf3 Bb4 7.cxd5 Nxd5 8.Bd2 
Nc6 9.Bd3 O-O 10.O-O Be7 11.a3 Bf6 12.Qe2 Nxd4 13.Nxd4 Bxd4 14.Bxh7+ Kxh7 
15.Qd3+ Kg8 16.Qxd4 Ne7 17.Qf4 Ng6 18.Qe3 Bd7 19.Ne4 Qh4 20.f3 Bc6 21.Rfd1
Rfd8 22.Be1 Qf4 23.Qe2 Ba4 24.Rxd8+ Rxd8 25.Bg3 Qf5 26.Qe3 Bc6 27.Rc1 a6 
28.Nc5 Qd5 29.b4 Ne7 30.Bf2 Qd2 31.h3 Qxe3 32.Bxe3 Bd5 33.Kf2 Nf5 34.Rd1 
Rc8 35.Bf4 a5 36.g4 Nh4 37.Kg3 Ng6 38.Be3 axb4 39.axb4 Ra8 40.Bd4 Ra3 41.
Rd3 Rxd3 42.Nxd3 b5 43.Bc5 e5 44.Bd6 f6 45.h4 1/2-1/2

[Event "EU-ch U20"]
[Site "Aviles"]
[Date "2000.08.19"]
[Round "4"]
[White "Fluvia Poyatos, Jordi"]
[Black "Mateuta, Gabriel"]
[Result "0-1"]
[WhiteElo "2261"]
[BlackElo "2409"]
[EventDate "2000.08.18"]
[PlyCount "86"]

1.d4 e6 2.Nf3 c5 3.g3 cxd4 4.Nxd4 d5 5.Bg2 e5 6.Nb3 Nf6 7.Bg5 Be6 8.Nc3 
Bb4 9.O-O Bxc3 10.bxc3 Nbd7 11.f4 Qb6+ 12.Kh1 Ne4 13.Bxe4 dxe4 14.f5 Bc4 
15.Qd2 f6 16.Rfd1 O-O-O 17.Be3 Qa6 18.Qe1 Bxe2 19.Rxd7 Rxd7 20.Nc5 Bf3+ 
21.Kg1 Qe2 22.Qxe2 Bxe2 23.Nxd7 Kxd7 24.Bxa7 Ra8 25.Bc5 Kc6 26.Bb4 Rd8 27.
Kf2 Rd2 28.Ke3 Rxc2 29.Kxe4 Bg4 30.Bf8 Rxc3 31.Rf1 Be2 32.Rf2 Bd1 33.Bxg7 
Bc2+ 34.Rxc2 Rxc2 35.h4 Re2+ 36.Kf3 Rxa2 37.Bxf6 Kd5 38.g4 b5 39.Be7 Ra4 
40.Kg3 b4 41.g5 b3 42.g6 hxg6 43.fxg6 Ke6 0-1

[Event "EU-ch U20"]
[Site "Aviles"]
[Date "2000.08.19"]
[Round "4"]
[White "Smirnov, Pavel"]
[Black "Andres Gonzalez, Ivan"]
[Result "1-0"]
[WhiteElo "2487"]
[BlackElo "2176"]
[EventDate "2000.08.18"]
[PlyCount "63"]

1.e4 c5 2.Nf3 e6 3.d4 cxd4 4.Nxd4 Nf6 5.Nc3 Nc6 6.Nxc6 bxc6 7.e5 Nd5 8.Ne4
Qc7 9.f4 Ba6 10.c4 Bb4+ 11.Kf2 Qb6+ 12.Kf3 f5 13.Nf2 Ne7 14.Be3 Bc5 15.
Bxc5 Qxc5 16.Qd6 Qa5 17.Be2 g5 18.Rhd1 Rd8 19.b3 Nc8 20.Qd4 c5 21.Qe3 Bb7+
22.Kg3 gxf4+ 23.Kxf4 Ne7 24.Bh5+ Kf8 25.Rd6 Ng6+ 26.Bxg6 hxg6 27.Qg3 Rh5 
28.Qxg6 Rxh2 29.Ng4 Rxg2 30.Qf6+ Kg8 31.Nh6+ Kh7 32.Rh1 1-0

[Event "EU-ch U20"]
[Site "Aviles"]
[Date "2000.08.19"]
[Round "4"]
[White "Mah, Karl"]
[Black "Moreno Tejera, Emilio"]
[Result "1-0"]
[WhiteElo "2411"]
[BlackElo "2139"]
[EventDate "2000.08.18"]
[PlyCount "111"]

1.d4 f5 2.Bg5 g6 3.Nd2 Bg7 4.e4 fxe4 5.Nxe4 d5 6.Nc5 b6 7.Nb3 Qd6 8.Nf3 
Nd7 9.Qd2 e5 10.dxe5 Nxe5 11.Qe3 Ne7 12.Bb5+ Kf7 13.Nxe5+ Qxe5 14.Qxe5 
Bxe5 15.Bxe7 Kxe7 16.Bc6 Rb8 17.O-O-O Rd8 18.Bxd5 c5 19.Rhe1 Kf6 20.g3 g5 
21.Nd2 Bd4 22.Be4 Ba6 23.Bg2 Kg6 24.Bf1 Bxf1 25.Rxf1 Re8 26.c3 Bf6 27.Rfe1
Rxe1 28.Rxe1 g4 29.Re4 h5 30.Kc2 Rd8 31.f3 gxf3 32.Nxf3 Rd5 33.Rf4 Rf5 34.
Rxf5 Kxf5 35.Kd3 Kg4 36.Ke4 b5 37.Ng1 b4 38.cxb4 cxb4 39.b3 Bd8 40.Ne2 Bc7
41.Nf4 Bb8 42.Nd3 Kh3 43.Nf4+ Kg4 44.Nd5 Bd6 45.Nf6+ Kg5 46.Ne8 Bb8 47.Ng7
Kg6 48.Ne6 Bd6 49.Nd4 Bc5 50.Nf3 Be7 51.h3 Kf6 52.Kd5 Bf8 53.g4 hxg4 54.
hxg4 Kg6 55.Nd4 Kf6 56.Kc4 1-0

[Event "EU-ch U20"]
[Site "Aviles"]
[Date "2000.08.19"]
[Round "4"]
[White "Bitansky, Igor"]
[Black "Tomic, Bosko"]
[Result "1-0"]
[WhiteElo "2359"]
[BlackElo "2151"]
[EventDate "2000.08.18"]
[PlyCount "63"]

1.e4 c5 2.Nf3 d6 3.d4 cxd4 4.Nxd4 Nf6 5.Nc3 a6 6.Bc4 e6 7.Bb3 Nc6 8.Be3 
Qc7 9.O-O Be7 10.f4 b5 11.f5 Nxd4 12.Bxd4 O-O 13.a3 Bd7 14.Qe2 Qb7 15.Rad1
Rac8 16.fxe6 fxe6 17.e5 dxe5 18.Qxe5 Qc6 19.Rfe1 Bd6 20.Bxe6+ Kh8 21.Bxd7 
Qxd7 22.Qg5 Rc4 23.Kh1 Qc7 24.Bxf6 gxf6 25.Qh6 Rg4 26.Nd5 Qb7 27.Qh3 Rg6 
28.Ne3 f5 29.Nxf5 Rxf5 30.Rxd6 Rxd6 31.Qxf5 Rg6 32.Re8+ 1-0

[Event "EU-ch U20"]
[Site "Aviles"]
[Date "2000.08.19"]
[Round "4"]
[White "Kobler, Mario"]
[Black "Biti, Ozren"]
[Result "0-1"]
[WhiteElo "2166"]
[BlackElo "2323"]
[EventDate "2000.08.18"]
[PlyCount "50"]

1.c4 d6 2.Nc3 e5 3.d3 g6 4.Nf3 Bg7 5.Bg5 f6 6.Bh4 g5 7.Bg3 f5 8.h3 h6 9.e3
Nf6 10.Nd2 O-O 11.Qc2 c6 12.O-O-O Qe7 13.Re1 Nbd7 14.f4 Nh5 15.Bh2 exf4 
16.Qd1 fxe3 17.Qxh5 exd2+ 18.Kxd2 Qf6 19.Be2 Ne5 20.Rhf1 Be6 21.Bxe5 Qxe5 
22.Qf3 Rae8 23.Qf2 Qa5 24.d4 Qb6 25.Na4 Qb4+ 0-1

[Event "EU-ch U20"]
[Site "Aviles"]
[Date "2000.08.19"]
[Round "4"]
[White "Bucher, Denis"]
[Black "Suarez Real, Alberto"]
[Result "0-1"]
[WhiteElo "2350"]
[BlackElo "2116"]
[EventDate "2000.08.18"]
[PlyCount "136"]

1.e4 c5 2.Nf3 d6 3.d4 cxd4 4.Nxd4 Nf6 5.Nc3 g6 6.Be3 Bg7 7.f3 O-O 8.Qd2 
Nc6 9.Bc4 Bd7 10.O-O-O Rc8 11.Bb3 Ne5 12.Kb1 Nc4 13.Bxc4 Rxc4 14.g4 b5 15.
b3 Rc8 16.Ndxb5 Qa5 17.a4 a6 18.Nd5 Qxd2 19.Nxe7+ Kh8 20.Rxd2 Rce8 21.Nxd6
Rxe7 22.Bc5 Re5 23.Nb7 Rb8 24.Bd6 Nxe4 25.fxe4 Rxb7 26.Bxe5 Bxe5 27.Rd5 
Bc3 28.Rd3 Be5 29.Rd5 Bc3 30.Rd3 Ba5 31.Rd5 Bb6 32.a5 Ba7 33.Rd6 Bxg4 34.
Rxa6 Kg7 35.Rd6 Bf3 36.Re1 Re7 37.e5 Bc5 38.Rd3 Bg4 39.Kb2 Rc7 40.c4 Bf5 
41.Rd8 Bb4 42.Ra1 Re7 43.Rd5 Be4 44.Rb5 Bd2 45.a6 Bf4 46.Raa5 Bxh2 47.a7 
Re8 48.Ka3 Ra8 49.Rb8 Bg1 50.Rxa8 Bxa8 51.Rb5 Bc6 52.Ra5 h5 53.a8=Q Bxa8 
54.Rxa8 h4 55.Rd8 h3 56.Rd3 h2 57.Rh3 g5 58.c5 g4 59.c6 gxh3 60.c7 h1=Q 
61.c8=Q Qf3 62.e6 Qf5 63.Qc3+ Kh7 64.exf7 Qc5+ 65.Ka2 Qxc3 66.f8=Q Qc2+ 
67.Ka3 Bc5+ 68.b4 Qc3+ 0-1

[Event "EU-ch U20"]
[Site "Aviles"]
[Date "2000.08.19"]
[Round "4"]
[White "Gomez Gomez, Salvador"]
[Black "Dovliatov, Sanan"]
[Result "1/2-1/2"]
[WhiteElo "2095"]
[BlackElo "2360"]
[EventDate "2000.08.18"]
[PlyCount "91"]

1.e4 e5 2.Nf3 Nc6 3.Bb5 a6 4.Ba4 Nf6 5.O-O Be7 6.d3 d6 7.h3 b5 8.Bb3 Na5 
9.Nc3 O-O 10.Nh2 b4 11.Ne2 Nxb3 12.axb3 d5 13.d4 Nxe4 14.dxe5 f6 15.Nf4 c6
16.exf6 Bxf6 17.Ng4 Be7 18.Be3 Bd6 19.Nd3 Qc7 20.f4 Be6 21.Qe1 a5 22.Nge5 
c5 23.Nf3 Rae8 24.Qh4 d4 25.Bc1 Bd5 26.Ng5 Nxg5 27.Qxg5 Be4 28.Bd2 Bf5 29.
Qg3 Rf6 30.Rf2 c4 31.bxc4 Qxc4 32.Rxa5 Qxc2 33.Ne5 Qxb2 34.Re2 Bg6 35.Kh2 
Rff8 36.Nc4 Qxd2 37.Nxd2 Bxf4 38.Rxe8 Bxe8 39.Rd5 Bxg3+ 40.Kxg3 Bf7 41.Rb5
Re8 42.Rxb4 d3 43.Rd4 Bg6 44.Kf3 h6 45.Kf4 Bh7 46.h4 1/2-1/2

[Event "EU-ch U20"]
[Site "Aviles"]
[Date "2000.08.19"]
[Round "4"]
[White "Magalhaes, Pedro"]
[Black "Perez Candelario, Manuel"]
[Result "1-0"]
[WhiteElo "2131"]
[BlackElo "2300"]
[EventDate "2000.08.18"]
[PlyCount "55"]

1.e4 c5 2.Nf3 Nc6 3.d4 cxd4 4.Nxd4 Nf6 5.Nc3 e6 6.Bg5 h6 7.Bh4 Bb4 8.Nb5 
Qb6 9.Bxf6 gxf6 10.a3 Bxc3+ 11.bxc3 a6 12.Nd6+ Ke7 13.Qd2 Ne5 14.Rd1 Qc6 
15.Be2 Rb8 16.O-O Ng6 17.f4 b5 18.Kh1 Rb6 19.Qe1 Qc5 20.e5 fxe5 21.fxe5 
Rf8 22.Bh5 Qxe5 23.Nxc8+ Rxc8 24.Qf2 Rd6 25.Qxf7+ Kd8 26.Bxg6 Rxc3 27.Rxd6
Qxd6 28.Qf6+ 1-0

[Event "EU-ch U20"]
[Site "Aviles"]
[Date "2000.08.19"]
[Round "4"]
[White "Isik, Engin Yasar"]
[Black "Ortega Ruiz, Jose Miguel"]
[Result "0-1"]
[WhiteElo "2120"]
[BlackElo "2255"]
[EventDate "2000.08.18"]
[PlyCount "48"]

1.e4 c5 2.Nf3 e6 3.d4 cxd4 4.Nxd4 Nf6 5.Nc3 Nc6 6.Ndb5 Bb4 7.a3 Bxc3+ 8.
Nxc3 d5 9.exd5 Nxd5 10.Bd2 O-O 11.Qf3 Nd4 12.Qd3 e5 13.Nxd5 Bf5 14.Qc3 
Nxc2+ 15.Kd1 Qxd5 16.Rc1 Rac8 17.Rxc2 Rxc3 18.Rxc3 Rd8 19.Bd3 Bxd3 20.Bg5 
Qxg2 21.Bxd8 Qxh1+ 22.Kd2 Bf5 23.Bh4 Qd5+ 24.Ke1 Qe4+ 0-1

[Event "EU-ch U20"]
[Site "Aviles"]
[Date "2000.08.19"]
[Round "4"]
[White "Gonzalez Menendez, Ivan"]
[Black "Weber, Tom"]
[Result "1-0"]
[WhiteElo "2242"]
[BlackElo "2067"]
[EventDate "2000.08.18"]
[PlyCount "77"]

1.e4 c5 2.Nf3 d6 3.c3 Nf6 4.Be2 Bd7 5.d3 g6 6.O-O Bg7 7.Nbd2 O-O 8.Re1 Nc6
9.Nf1 b5 10.Ng3 b4 11.Bd2 a5 12.Qc1 Re8 13.a3 Qb6 14.d4 cxd4 15.cxd4 Ng4 
16.h3 Nxd4 17.hxg4 Nb3 18.Qc2 Nxa1 19.Rxa1 Rec8 20.Qb1 Bxg4 21.Be3 Qb7 22.
Nd4 Bd7 23.Bf3 Rc4 24.e5 d5 25.Qd3 Rac8 26.Nb3 Qa6 27.Qxd5 Be6 28.Qb7 Qxb7
29.Bxb7 R8c7 30.Nxa5 Rc2 31.axb4 Bxe5 32.Bf3 Kg7 33.b5 Bxb2 34.Rb1 Bc3 35.
Nc6 Ba2 36.b6 Rxc6 37.b7 Be5 38.Bd4 Rc1+ 39.Rxc1 1-0

[Event "EU-ch U20"]
[Site "Aviles"]
[Date "2000.08.19"]
[Round "4"]
[White "Atakisi, Umut"]
[Black "Bruned Carasco, Boris"]
[Result "1-0"]
[WhiteElo "2258"]
[BlackElo "2004"]
[EventDate "2000.08.18"]
[PlyCount "79"]

1.e4 d5 2.exd5 Nf6 3.d4 Bg4 4.f3 Bf5 5.Bb5+ Nbd7 6.c4 e6 7.dxe6 Bxe6 8.d5 
Bf5 9.Be3 Bb4+ 10.Nc3 O-O 11.Bxd7 Nxd7 12.Ne2 Ne5 13.O-O Nxc4 14.Bd4 Qe7 
15.Ng3 Ne3 16.Qe2 Bc5 17.Bxc5 Qxc5 18.Qf2 Qb6 19.Rfe1 Rfe8 20.Rxe3 Qxe3 
21.Qxe3 Rxe3 22.Nxf5 Re5 23.Nd4 b6 24.f4 Ree8 25.Kf2 Rad8 26.Nf5 g6 27.Ne3
Kg7 28.g4 c6 29.Kf3 cxd5 30.Ncxd5 Re6 31.g5 Red6 32.Rd1 b5 33.Rd3 Rc8 34.
f5 Rc1 35.Kf4 Rh1 36.Rc3 Rd8 37.f6+ Kf8 38.Rc7 Rxh2 39.Ng4 Rd2 40.Nde3 1-0

[Event "EU-ch U20"]
[Site "Aviles"]
[Date "2000.08.19"]
[Round "4"]
[White "Sanchez Aller, Fernando"]
[Black "Bruned Carasco, Yvain"]
[Result "1-0"]
[WhiteElo "2137"]
[BlackElo "2012"]
[EventDate "2000.08.18"]
[PlyCount "101"]

1.e4 d5 2.exd5 Nf6 3.d4 Bg4 4.Nf3 Qxd5 5.Be2 Nc6 6.Be3 O-O-O 7.Nbd2 e5 8.
c4 Qd6 9.d5 Bxf3 10.Nxf3 Qe7 11.O-O e4 12.Nd4 Nxd4 13.Qxd4 c5 14.Qc3 Qc7 
15.a3 Bd6 16.h3 Kd7 17.Rab1 Ke7 18.b4 b6 19.bxc5 bxc5 20.Rb3 Rb8 21.Rfb1 
Rhg8 22.Bg4 h6 23.Qb2 Rxb3 24.Qxb3 Nxg4 25.hxg4 Re8 26.Qb5 Rc8 27.a4 Qd7 
28.Qxd7+ Kxd7 29.Rb5 Rc7 30.a5 Kd8 31.a6 Kc8 32.Kf1 Kd7 33.Ke2 Rc8 34.Kd2 
g5 35.Rb7+ Rc7 36.Rxc7+ Kxc7 37.f3 Kb6 38.fxe4 Kxa6 39.e5 Bxe5 40.Bxc5 Bg7
41.Kd3 Kb7 42.Bd4 Bf8 43.c5 Kc7 44.Kc4 a6 45.Kb4 Kc8 46.Ka5 Kb7 47.c6+ Kc7
48.Be5+ Kc8 49.d6 f6 50.d7+ Kd8 51.Bxf6+ 1-0

[Event "EU-ch U20"]
[Site "Aviles"]
[Date "2000.08.20"]
[Round "5"]
[White "Blehm, Pawel"]
[Black "Karttunen, Mika"]
[Result "1-0"]
[WhiteElo "2518"]
[BlackElo "2399"]
[EventDate "2000.08.18"]
[PlyCount "91"]

1.e4 c6 2.d4 d5 3.e5 Bf5 4.c3 e6 5.Be3 Nd7 6.Qb3 Qb6 7.Nd2 Ne7 8.f4 f6 9.
Ngf3 Ng6 10.h3 h5 11.g3 Be7 12.Rg1 Qxb3 13.axb3 Be4 14.Nxe4 dxe4 15.Nd2 f5
16.g4 hxg4 17.hxg4 Ndf8 18.Be2 Rh3 19.Nf1 Bh4+ 20.Kd2 Ne7 21.gxf5 exf5 22.
Rxg7 Ne6 23.Rg2 b5 24.c4 Nxd4 25.Bh5+ Kf8 26.Bxd4 Rd8 27.Kc2 Rxd4 28.Rxa7 
Rd8 29.Be2 b4 30.Rb7 c5 31.Rb6 Be1 32.Rg5 e3 33.Rf6+ Ke8 34.Rh5 Rxh5 35.
Bxh5+ Kd7 36.Nxe3 Rh8 37.Nxf5 Rxh5 38.Rd6+ Kc7 39.Nxe7 Rh2+ 40.Kb1 Bf2 41.
Nd5+ Kb7 42.e6 Bd4 43.Rd7+ Kc6 44.Nxb4+ Kb6 45.Nd5+ Ka5 46.Ra7# 1-0